|
|
|
|
| LEADER |
01485nam a2200193 a 4500 |
| 001 |
1/28606 |
| 008 |
s2002 lu f 00010 gre d |
| 022 |
0 |
|
|a 0254-1483
|
| 028 |
3 |
1 |
|a KT-CO-02-089-EN-C
|
| 035 |
|
|
|l 30530
|
| 040 |
|
|
|a GR-PeUP
|
| 084 |
- |
- |
|2 KET
|a COM (2002) 81 τελικό
|
| 110 |
2 |
|
|a Επιτροπή των Ευρωπαϊκών Κοινοτήτων.
|
| 245 |
1 |
0 |
|a Αντιμετώπιση των προκλήσεων της παγκοσμιοποίησης:
|b Μια μελέτη για το διεθνές νομισματικό και χρηματοοικονομικό σύστημα και για τη χρηματοδότηση της ανάπτυξης:
|c Ανακοίνωση της Επιτροπής προς το Συμβούλιο, το Ευρωπαϊκό Κοινοβούλιο, την Οικονομική και Κοινωνική Επιτροπή και την Επιτροπή των Περιφερειών/ Επιτροπή των Ευρωπαϊκών Κοινοτήτων
|
| 260 |
0 |
|
|a Βρυξέλλες, Λουξεμβούργο:
|b Υπηρεσία Επισήμων Εκδόσεων των Ευρωπαϊκών Κοινοτήτων,
|c 13.2.2002
|
| 300 |
|
|
|a 15 σελ.
|
| 500 |
|
|
|a SEC (2002) 185
|
| 852 |
|
|
|a INST
|b UNIPILB
|c KET
|e 20051011
|h COM (2002) 81
|p COM (2002) 81
|q COM (2002) 81
|t NOLOAN
|y 23
|4 1
|
| 856 |
4 |
1 |
|u http://eur-lex.europa.eu/LexUriServ/LexUriServ.do?uri=COM:2002:0081:FIN:EL:DOC
|